000 00457cam a2200157u 4500
082 _a942.084
_bCHU
100 1 _aChurchill, Winston,
_949036
245 1 0 _aInto battle: speeches.
260 _aLondon,
_bCassell
_c[1941]
300 _aviii, 313 p.
_bport.
_c22 cm.
526 _a0
_b0
_c0
_d942_084000000000000_CHU
650 0 _aMCE
_9379
650 0 _aWorld War, 1939-1945
_zGreat Britain.
_948588
700 1 _aChurchill, Randolph S.
_949973
942 _2ddc
_cBK
999 _c552714
_d552714